000 00340pab a2200145 454500
008 180718b1984 xxu||||| |||| 00| 0 eng d
100 _aChowla, N.L.
245 _aMedia
_bRole of radio and TV in social change
260 _c1984
300 _a11-13
362 _a14 Jan.
650 _aTelevision
773 _aMainstream
909 _a19248
999 _c19248
_d19248